| 000 | 00957nam a2200313 i 4500 | ||
|---|---|---|---|
| 001 | bg | ||
| 100 | 1 | _aWEINMANN, Elaine | |
| 245 | 1 | 0 |
_aPo prostu Photoshop 6/6 CE / _cElaine Weinmann, Peter Lourekas ; [oprac. na podst. tł. Zbigniewa Szalbota - Łukasz Oberlan]. |
| 246 |
_iTyt. oryg.: _aPhotoshop 6 Visual quickstart guide |
||
| 260 |
_aGliwice : _b"Helion", _ccop. 2001. |
||
| 300 |
_a523 s. : _bil. ; _c23 cm. |
||
| 490 | 1 | _aPo Prostu | |
| 500 | _aTyt. oryg.: "Photoshop 6 Visual quickstart guide", 2001. | ||
| 504 | _aIndeks. | ||
| 650 | 9 | _aPhotoshop | |
| 655 | _aPodręczniki | ||
| 700 | 1 | _aLOUREKAS, Peter | |
| 700 | 1 |
_aSZALBOT, Zbigniew. _eTł. |
|
| 700 | 1 |
_aOBERLAN, Łukasz. _eOprac. |
|
| 830 | _aPo Prostu | ||
| 015 | _aPB 15449/2001 | ||
| 020 | _a8371974027 | ||
| 040 | _cBPK | ||
| 041 | 1 |
_apol _heng |
|
| 080 | _a004.42:004.92](07) | ||
| 920 | _a83-7197-402-7 | ||
| 942 | _cKS | ||
| 008 | s pl f |000 0 pol | ||
| 999 |
_c51082 _d51082 |
||
| 856 |
_uhttp://koha.tu.koszalin.pl/cgi-bin/koha/opac-detail.pl?biblionumber=51082 _yKatalog online BPK |
||